[Event "Petrov Memorial op"]
[Site "St Petersburg"]
[Date "1996.??.??"]
[Round "5"]
[White "Neverov, Valeriy"]
[Black "Yandemirov, Valeri"]
[Result "0-1"]
[WhiteElo "2515"]
[BlackElo "2430"]
[Annotator "Ribli,Z"]
[PlyCount "84"]
[EventDate "1996.02.??"]
[EventType "swiss"]
[EventRounds "9"]
[EventCountry "RUS"]
[SourceTitle "CBM 052"]
[Source "ChessBase"]
[SourceDate "1996.06.01"]
[SourceVersion "1"]
[SourceVersionDate "1996.06.01"]
[SourceQuality "1"]

1. c4 Nf6 2. Nc3 d5 3. cxd5 Nxd5 4. g3 g6 5. Bg2 Nxc3 6. bxc3 Bg7 7. Rb1 Nd7 8.
Nf3 O-O 9. O-O Nb6 10. Qc2 (10. Ng5 $5 Rb8 (10... Qd7 11. Qb3 Qg4 12. Nf3 Be6
13. Qc2 Qc4 14. Ng5 $36 {Ribli,Z-Gutman,L/BL8687/INF44,14/}) 11. Qc2 Bd7 12. d3
Ba4 13. Qd2 Qd7 14. c4 Bc6 15. Bxc6 Qxc6 16. Qb4 Rfe8 17. Be3 $14 {Serper,
G-Yandemirov,V/Kstovo op/1994/EXP42/}) 10... Bd7 11. d3 Ba4 12. Qd2 Bc6 13. Ba3
$146 (13. c4 Re8 14. Ng5 Bxg2 15. Kxg2 Qd7 16. Qf4 f6 17. Ne4 Qc6 18. Qf3 e5
19. g4 $1 $14 {Podgaets,M-Sherieshevsky,M/USSR/1974/INF18,21/}) 13... Re8 14.
Qc2 Qd7 15. c4 e5 {/\ e4} 16. Nd2 Bxg2 17. Kxg2 Qc6+ 18. Kg1 {/\ Rb5,Rfb1,c5
><b7} Nd7 $5 {Schwarz will den weissen Druck auf der b-Linie entschaerfen.} 19.
Ne4 Nf6 20. Nxf6+ Bxf6 21. Rb5 (21. e4 $5) 21... e4 $1 {Dieser aktive Zug gibt
Schwarz sehr gutes Spiel im Zentrum. Der Nachziehende übernimmt die Initiative.
} 22. Rfb1 Rad8 $1 23. dxe4 (23. Rxb7 $2 exd3 24. exd3 Bd4 25. R7b3 Qf3 $19)
23... Rxe4 24. Rc5 Qe6 25. e3 c6 $1 {Völlig auf seine Angriffsplanung
konzentriert, überläßt Weiß den Damenflügel dem Gegner.} 26. Ra5 (26. Rxb7 {[#]
} Rxe3 $1 27. fxe3 Qxe3+ 28. Qf2 Rd1+ 29. Kg2 Rd2 $19) 26... Rxc4 27. Qb3 b5
28. Rxa7 h5 $1 {Alle weißen Figuren stehen auf der b-und a-Linie, dann ist
Angriff am Königsflügel die logische Konsequenz für Schwarz.} 29. h4 Bxh4 $1 {
[#] Seiner positionellen Überlegenheit kann Schwarz mit diesem taktischen
Schlag Nachdruck verleihen.} 30. Rd1 (30. gxh4 Qh3 31. f4 Rd2 32. Ra8+ Kh7 $19)
30... Rxd1+ 31. Qxd1 Bf6 32. Bd6 $2 (32. Qd6 $5 Rc1+ 33. Kh2 (33. Kg2 Qe4+ 34.
f3 Qc2+ 35. Kh3 Rh1#) 33... Qxd6 34. Bxd6 $17) 32... h4 $1 33. Bf4 hxg3 34.
Bxg3 Kg7 35. Ra8 Qe4 36. Bf4 Rb4 $1 37. f3 Qf5 38. Qd6 Rb1+ 39. Kg2 Qc2+ 40.
Kh3 Rh1+ 41. Kg4 Qg2+ 42. Bg3 Qh3+ 0-1

[Event "Frankfurt"]
[Site "Frankfurt"]
[Date "1990.??.??"]
[Round "?"]
[White "Barbero, Gerardo F"]
[Black "Epishin, Vladimir"]
[Result "1/2-1/2"]
[WhiteElo "2450"]
[BlackElo "2550"]
[Annotator "Ribli,Z"]
[PlyCount "49"]
[EventDate "1990.??.??"]
[EventType "tourn"]
[EventRounds "13"]
[EventCountry "GER"]
[EventCategory "7"]
[SourceTitle "CBM 020"]
[Source "ChessBase"]
[SourceDate "1991.02.01"]
[SourceVersion "1"]
[SourceVersionDate "1991.02.01"]
[SourceQuality "1"]

1. Nf3 Nf6 2. c4 g6 3. Nc3 d5 4. cxd5 Nxd5 5. Qa4+ Bd7 6. Qh4 Nxc3 7. dxc3 Nc6
8. e4 e5 9. Qxd8+ Rxd8 10. Be3 (10. Bc4 f6 11. Be3 {Belov,I-Khenkin,I
Voksresensk 1990 CBM/19}) 10... f6 11. Nd2 (11. O-O-O a6 12. Bc4 {Chekhov,
V-Jasnikowski,Z Warsaw 1990 CBM/17}) 11... h5 $5 12. O-O-O Bh6 13. Bxh6 Rxh6
14. Nb3 b6 15. Bb5 Ne7 16. Bxd7+ Rxd7 17. Rxd7 Kxd7 18. Rd1+ Ke8 19. Nd2 Nc8
20. Nc4 Ke7 21. Ne3 c6 22. Nc4 Rh8 23. Rd3 Rd8 24. Rxd8 Kxd8 25. Kd2 1/2-1/2

[Event "Frankfurt"]
[Site "Frankfurt"]
[Date "1990.??.??"]
[Round "?"]
[White "Uhlmann, Wolfgang"]
[Black "Gutman, Lev"]
[Result "1/2-1/2"]
[WhiteElo "2505"]
[BlackElo "2475"]
[Annotator "Ribli,Z"]
[PlyCount "100"]
[EventDate "1990.??.??"]
[EventType "tourn"]
[EventRounds "13"]
[EventCountry "GER"]
[EventCategory "7"]
[SourceTitle "CBM 020"]
[Source "ChessBase"]
[SourceDate "1991.02.01"]
[SourceVersion "1"]
[SourceVersionDate "1991.02.01"]
[SourceQuality "1"]

1. c4 Nf6 2. Nc3 d5 3. cxd5 Nxd5 4. g3 Nxc3 5. bxc3 g6 6. Bg2 Bg7 7. h4 (7. Rb1
Nc6 8. Nf3 O-O 9. O-O e5 {Drasko,M-Nikolic,Z JUG-ch 1989 CBM/13}) 7... Nd7 8.
h5 (8. Qb3 c5 9. Ba3 Qc7 10. h5 Rb8 11. Nf3 $14 {Suba-Roos Buenos Aires ol
1978 26/18}) 8... c5 9. Rb1 Rb8 10. Qa4 a6 11. c4 O-O 12. Nf3 Ne5 13. hxg6
Nxf3+ 14. Bxf3 fxg6 15. Qa3 Qd6 16. Bb2 Bxb2 17. Rxb2 b5 18. cxb5 axb5 19. O-O
b4 20. Qa5 Be6 21. Rc1 c4 22. Qa4 g5 23. Qc2 g4 24. Be4 Rf6 25. Kg2 Rb5 26.
Bxh7+ Kg7 27. Rh1 Re5 28. Kf1 Qc5 29. e3 Qd5 30. Rh2 Rh5 31. Rxh5 Qxh5 32. Be4
Qh2 33. d4 Qxg3 34. d5 Bf7 35. Qxc4 Qxe3 36. Qe2 Qc5 37. Qxg4+ Bg6 38. Rc2 Qd4
39. Re2 Kh6 40. Qh3+ Bh5 41. Qe3+ Qxe3 42. Rxe3 Ra6 43. Bb1 Bf7 44. Re5 Ra8 45.
Rxe7 Bxd5 46. f4 Bg8 47. Ke2 Ra3 48. Re3 Ra5 49. Re7 Ra3 50. Rb7 b3 1/2-1/2

[Event "Rubinstein Memorial 33rd"]
[Site "Polanica Zdroj"]
[Date "1996.??.??"]
[Round "1"]
[White "Markowski, Tomasz"]
[Black "Krasenkow, Michal"]
[Result "1/2-1/2"]
[WhiteElo "2540"]
[BlackElo "2605"]
[Annotator "Ribli,Z"]
[PlyCount "90"]
[EventDate "1996.08.15"]
[EventType "tourn"]
[EventRounds "11"]
[EventCountry "POL"]
[EventCategory "15"]
[SourceTitle "CBM 055"]
[Source "ChessBase"]
[SourceDate "1996.12.01"]
[SourceVersion "1"]
[SourceVersionDate "1996.12.01"]
[SourceQuality "1"]

1. g3 d5 2. Nf3 g6 3. Bg2 Bg7 4. c4 Nf6 5. cxd5 Nxd5 6. O-O {Ribli. Hier
empfehle ich 6...c5 mit gleichen Chancen.} O-O 7. Nc3 Nb6 $6 {Ribli.Wenn
Schwarz in Gruenfeld z.B.nach 1.d4 Nf6 2.c4 g6 3.Nf3 d5 4.g3 Bg7 5.cd Nd5 6.
Bg2 Nb6 7.o-o Nc6 spielt, dann stehen die schwarzen Springer gut auf c6 und b6.
Aber jetzt ist dieser Springerzug kaum logisch.} (7... Nc6 $5 8. Qa4 (8. Nxd5
Qxd5 9. d3 Qb5 $1) 8... a5 9. Qh4 e6 10. Qxd8 Rxd8 11. Rb1 a4 $15 {
Bawart-Horvath,Jo.Velden,1996.}) 8. d3 Nc6 9. Be3 $14 a5 (9... e5 10. Qc1 Re8
11. Bh6 Bh8 12. Ne4 Nd4 13. Re1 c6 $5 (13... Nxf3+ 14. Bxf3 c6 15. b4 $14 {
Krasenkov-Leko,Dortmund,1992,CBM29.})) (9... h6 10. Qd2 Kh7 11. Rab1 e5 12. b4
f5 13. Rfc1 $14 {Gretarsson,H-Mikhalevski,V,Schaan,1996.}) 10. Rc1 a4 11. Qd2 (
11. Bxb6 cxb6 12. a3 (12. Nxa4 b5)) (11. Bc5 Nd7 12. Ba3) 11... Re8 12. Rfd1
Nb4 (12... Bg4 13. h3 Bxf3 14. Bxf3 Qd7) 13. Nb5 c6 (13... Nxa2 14. Nxc7 Nxc1
15. Rxc1) 14. Qxb4 Nd5 (14... cxb5 15. Qxb5 $18) 15. Qd2 (15. Qc4 cxb5 16. Qxb5
Ra5 17. Qc4 (17. Rxc8 $2 Rxb5) 17... Nxe3 18. fxe3 Bxb2) 15... cxb5 16. Bh6 {
Ribli. Weiss hat dank seines mobilen Bauernzentrums klaren Vorteil.} Bh8 17. d4
(17. e4) 17... a3 18. bxa3 (18. e4 Nf6 19. Ne5) 18... Rxa3 19. Ng5 Nf6 20. h3
Bg7 21. Bxg7 Kxg7 22. h4 (22. e3 $5) 22... Qa5 23. Qxa5 Rxa5 24. Rd2 Rd8 25. e3
(25. Rdc2 Bg4 26. e3 h6 27. Nf3) 25... h6 26. Ne4 Nxe4 27. Bxe4 Be6 28. Rc7 Kf6
29. d5 Rd7 $10 {Ribli. Der weisse Vorteil schwindet stufenweise dahin.} 30. Rc5
Bf5 31. Bg2 Bb1 32. a4 Rxa4 33. Rxb5 Ba2 34. Rdb2 Ra7 35. e4 {Ribli.Weiss hat
eine schoene Stellung, aber das ist nicht genug, um zu gewinnen.} Bc4 36. Rb6+
Kg7 37. R2b4 Ra1+ 38. Kh2 Ba6 39. e5 Re1 40. Re4 Rd1 41. Rf4 Rc7 (41... R7xd5
$6 42. Bxd5 Rxd5 43. e6 f5 $14) 42. g4 Rc4 43. Rxc4 Bxc4 44. Rxb7 Bxd5 45. Rxe7
Be6 {Ribli.Nach 46.Kg3 kommt 46...g5 mit einer nicht mehr zu gewinnenden
Stellung.} 1/2-1/2

[Event "Vienna"]
[Site "Vienna"]
[Date "1991.??.??"]
[Round "7"]
[White "Ribli, Zoltan"]
[Black "Epishin, Vladimir"]
[Result "1/2-1/2"]
[WhiteElo "2595"]
[BlackElo "2615"]
[Annotator "Ribli,Z"]
[PlyCount "52"]
[EventDate "1991.10.??"]
[EventType "tourn"]
[EventRounds "9"]
[EventCountry "AUT"]
[EventCategory "12"]
[SourceTitle "CBM 026"]
[Source "ChessBase"]
[SourceDate "1992.02.01"]
[SourceVersion "1"]
[SourceVersionDate "1992.02.01"]
[SourceQuality "1"]

1. Nf3 Nf6 2. c4 g6 3. Nc3 d5 4. cxd5 Nxd5 5. e4 Nxc3 6. dxc3 Qxd1+ 7. Kxd1 f6
8. Be3 e5 9. Nd2 Be6 10. Bc4 Kf7 $5 (10... Bxc4 11. Nxc4 Nd7 12. b4 h5 13. Kc2
Bh6 14. Bxh6 Rxh6 15. Rhd1 O-O-O 16. a4 $14 {Schlosser,P-Smejkal,J Altensteig
1991 CBM/25}) 11. Kc2 Be7 $1 (11... h5 12. Rhd1 Bh6 13. Bxh6 Rxh6 14. a4 a5 15.
Bxe6+ Kxe6 16. Nb3 Nd7 17. Rd5 b6 18. Rad1 Rh7 19. c4 $16 {Cehov-Jasnikowski
Bydgoszcz 1990 50/10}) 12. b4 a5 $1 13. a3 Rd8 14. Bxe6+ Kxe6 15. Nb3 a4 16.
Na5 (16. Nc5+ Bxc5 17. bxc5 Na6 18. Rab1 Rab8 19. Rb5 Kd7 $1 $10) 16... b6 17.
Nc4 Nc6 18. Rad1 (18. Rhd1 $5) 18... Na7 $1 19. Rxd8 Rxd8 20. Rd1 Rxd1 21. Kxd1
Nb5 22. Kc2 Nd6 23. Kd3 Kd7 24. Nd2 b5 $1 $10 25. f3 c6 26. Bc5 Nb7 1/2-1/2

[Event "Frankfurt"]
[Site "Frankfurt"]
[Date "1990.??.??"]
[Round "?"]
[White "Kohlweyer, Bernd"]
[Black "Kozul, Zdenko"]
[Result "0-1"]
[WhiteElo "2395"]
[BlackElo "2575"]
[Annotator "Ribli,Z"]
[PlyCount "108"]
[EventDate "1990.??.??"]
[EventType "tourn"]
[EventRounds "13"]
[EventCountry "GER"]
[EventCategory "7"]
[SourceTitle "CBM 020"]
[Source "ChessBase"]
[SourceDate "1991.02.01"]
[SourceVersion "1"]
[SourceVersionDate "1991.02.01"]
[SourceQuality "1"]

1. Nf3 Nf6 2. c4 g6 3. Nc3 d5 4. cxd5 Nxd5 5. Qa4+ c6 6. Qd4 f6 7. e4 e5 (7...
Nb6 8. Qxd8+ Kxd8 9. d4 {Rausis,I-Terentiev,S Daugavpils 1990 CBM/17}) 8. Nxe5
Nxc3 9. Qxc3 (9. Qxd8+ $2 Kxd8 10. Nf7+ Ke8 11. Nxh8 Nxe4 12. Bc4 Nd6 13. Bb3
Bg7) 9... Qe7 10. Nf3 Qxe4+ 11. Be2 Nd7 12. O-O Bb4 13. d3 Qe7 14. Qc2 Nb6 15.
Bh6 Be6 16. Nd4 O-O-O 17. Nxe6 Qxe6 18. Bf3 g5 19. a3 Bf8 20. Bxf8 Rhxf8 21. g3
g4 22. Bg2 f5 23. b4 Kb8 24. a4 f4 25. Be4 Nd7 26. Rfe1 Qd6 27. b5 c5 28. Rac1
Rde8 29. Red1 Qh6 30. d4 f3 31. h4 gxh3 32. Kh1 h2 33. Bf5 Re2 34. Qd3 c4 35.
Qxf3 Rd2 36. Rxd2 Qxd2 37. Rxc4 Nb6 38. Rc5 Qxd4 39. Qf4+ Qxf4 40. gxf4 Nxa4
41. Re5 Kc7 42. Kxh2 Kb6 43. Kg3 Nc5 44. Bxh7 Kxb5 45. Bb1 a5 46. f5 a4 47. Kg4
Kc6 48. Kg5 b5 49. Re7 b4 50. f6 b3 51. f7 Nd7 52. Bf5 a3 53. Re6+ Kb5 54. Re7
a2 0-1

[Event "Buenos Aires Najdorf"]
[Site "Buenos Aires"]
[Date "1991.??.??"]
[Round "11"]
[White "Cifuentes Parada, Roberto"]
[Black "Amura, Claudia Noemi"]
[Result "1/2-1/2"]
[WhiteElo "2510"]
[BlackElo "2405"]
[Annotator "Ribli,Z"]
[PlyCount "83"]
[EventDate "1991.04.??"]
[EventType "tourn"]
[EventRounds "13"]
[EventCountry "ARG"]
[EventCategory "11"]
[SourceTitle "CBM 024"]
[Source "ChessBase"]
[SourceDate "1991.10.01"]
[SourceVersion "1"]
[SourceVersionDate "1991.10.01"]
[SourceQuality "1"]

1. Nf3 Nf6 2. c4 g6 3. Nc3 d5 4. cxd5 Nxd5 5. Qa4+ Nc6 6. Ne5 Ndb4 7. a3 Nc2+ (
7... Bg7 8. axb4 Bxe5 9. b5 Nb8 10. e3 Bg7 11. Be2 O-O 12. O-O c6 13. d4 $13 {
Schlosser,P-Lutz,C Wildbad 1990 EXP/20}) 8. Qxc2 Nxe5 9. d4 $1 Nd7 (9... Ng4
10. h3 Nf6 11. e4 c6 12. Be3 Bg7 13. Be2 O-O 14. O-O Be6 15. Rfd1 Qc7 16. Rac1
$14 {Rosiak,A-Mirschinka,O Karl-Marx-Stadt(?) 1990 EXP/18}) 10. Bf4 (10. e4 $5)
10... c6 11. Rd1 Bg7 12. e4 e5 13. dxe5 Qe7 14. e6 Qxe6 15. Bd6 Be5 16. Bxe5
Qxe5 17. Be2 O-O 18. O-O Nf6 19. Rd2 Bg4 20. f3 Be6 21. Rfd1 Qc7 22. Kh1 Rad8
23. Nb5 Rxd2 24. Rxd2 Qa5 25. Qc3 Qxc3 26. Nxc3 Re8 27. Na4 Kf8 28. Nc5 Bc8 29.
b4 Ke7 30. Bc4 b6 31. Nb3 Be6 32. Bxe6 fxe6 33. Kg1 e5 34. Kf2 Rd8 35. Ke3 Rxd2
36. Nxd2 Ke6 37. g3 g5 38. Nc4 Ne8 39. Kd3 Nd6 40. a4 Nxc4 41. Kxc4 Kd6 42. b5
1/2-1/2

[Event "Buenos Aires Najdorf"]
[Site "Buenos Aires"]
[Date "1991.??.??"]
[Round "9"]
[White "Panno, Oscar"]
[Black "Amura, Claudia Noemi"]
[Result "1/2-1/2"]
[WhiteElo "2440"]
[BlackElo "2405"]
[Annotator "Ribli,Z"]
[PlyCount "91"]
[EventDate "1991.04.??"]
[EventType "tourn"]
[EventRounds "13"]
[EventCountry "ARG"]
[EventCategory "11"]
[SourceTitle "CBM 024"]
[Source "ChessBase"]
[SourceDate "1991.10.01"]
[SourceVersion "1"]
[SourceVersionDate "1991.10.01"]
[SourceQuality "1"]

1. c4 Nf6 2. Nc3 d5 3. cxd5 Nxd5 4. g3 g6 5. Bg2 Nxc3 6. bxc3 Bg7 7. Rb1 c6 (
7... Nd7 8. Nf3 O-O 9. O-O Rb8 (9... Re8 10. d4 c5 11. Qa4 Nb6 12. Qa3 Bf5 13.
Rb5 cxd4 14. cxd4 Be4 15. Bf4 a6 16. Rc5 Nd5 $13 {Poldauf,D-Feldmann,V
Budapest Spring op 1990 EXP/17}) 10. d4 b6 11. e4 e5 12. Re1 c5 13. a4 Ba6 14.
d5 h6 15. Bf1 Bxf1 16. Rxf1 $14 {Huebner-Gutman BRD 1988 45/13}) 8. Nf3 O-O 9.
O-O Qc7 10. Qa4 (10. c4 e5 11. d3 Re8 12. Nd2 Nd7 13. Ba3 Nf6 14. Qc2 $14 {
Lengyel-Golombek Kecskemet 1968}) 10... Nd7 11. c4 e5 12. d3 Nc5 13. Qc2 Re8
14. Ba3 Bf8 15. Bb2 Bg7 16. Nd2 Bg4 17. Nb3 Nxb3 18. axb3 Qd7 19. Rfe1 Bh3 20.
Bh1 h5 21. b4 h4 22. b5 hxg3 23. hxg3 cxb5 24. cxb5 Bf6 25. Qc5 $14 Be6 26. b6
Rac8 27. Qa5 axb6 28. Qxb6 Rc7 29. Ba3 Be7 30. Rec1 Rxc1+ 31. Bxc1 Rc8 32. Be3
Rc2 33. Qxb7 Qxb7 34. Rxb7 Kf8 35. Bh6+ (35. Bf3 $1) 35... Ke8 36. Bf3 g5 $1
37. Rb8+ Kd7 38. g4 Rc8 39. Rxc8 Kxc8 40. Kg2 Kd7 41. Kh3 f6 42. Be4 Bc5 43. e3
Ke7 44. Bg6 Bf7 45. Bf5 Bd5 46. Bg6 1/2-1/2

[Event "Bundesliga 0203"]
[Site "Germany"]
[Date "2003.02.09"]
[Round "11.1"]
[White "Hickl, Joerg"]
[Black "Rogozenco, Dorian"]
[Result "1/2-1/2"]
[WhiteElo "2605"]
[BlackElo "2520"]
[Annotator "Rogozenco,D"]
[PlyCount "66"]
[EventDate "2002.10.19"]
[EventType "team-tourn"]
[EventRounds "15"]
[EventCountry "GER"]
[SourceTitle "CBM 094"]
[Source "ChessBase"]
[SourceDate "2003.05.26"]
[SourceVersion "1"]
[SourceVersionDate "2003.05.26"]
[SourceQuality "1"]
[WhiteTeam "Stuttgart"]
[BlackTeam "Neukoelln"]
[WhiteTeamCountry "GER"]
[BlackTeamCountry "GER"]

1. g3 g6 2. Bg2 Bg7 3. c4 Nf6 4. Nc3 O-O 5. d3 c5 6. a3 Nc6 7. Rb1 Ne8 8. Bd2
$5 a5 9. Nf3 (9. Qc1 {delaying for a while the development of king's knight
was a logical follow-up of a previous move. However, it probably would have
let to similar positions from the game.}) 9... Nc7 10. Qc1 (10. O-O Rb8 11. Ne1
d6 12. Nc2 Bd7 13. b4 axb4 14. axb4 Nxb4 15. Nxb4 cxb4 16. Rxb4 b5 $11 {
is a well-known equal line.}) 10... d6 11. Bh6 Bd7 (11... Bxh6 $5 12. Qxh6 f6
$11) 12. O-O (12. h4 $6 {These are those moves one should always take into
consideration when having Black here. However, it does not work out, since
White cannot open the h-file:} Bxh6 13. Qxh6 f6 14. h5 $6 g5) (12. Bxg7 Kxg7
13. h4 $5 f6 $13) 12... Rb8 13. a4 $1 {The correct decision to close the
queenside, since Black was ready for b5.} (13. Bxg7 Kxg7 14. Qd2 b5 {with an
easy play for Black.}) 13... b6 14. Qd2 Bxh6 15. Qxh6 f6 16. Qd2 (16. e3 {
with idea 17.d4, after which the weaknesses in Black's pawn structure will
play their negative role.} Ne6 17. Rfd1 g5 $5 {This is an important resourse
for Black - the queen on h6 is isolated. For instance:} 18. d4 Ng7 {/\ 19...Nf5
} 19. e4 $2 cxd4 20. Nxd4 Ne5 $1 $19 {/\ 21...Nf7; /\ 21...Nxc4.}) 16... Be6
17. Ng5 Bd7 18. Nf3 Be6 19. Rfd1 (19. Ng5 Bd7 $11) 19... d5 $5 {A "risky"
decision, as my opponent said after the game. For me it was a way to clarify
the situation, since I didn't see how White can exploit his activity after the
opening of the position with d3-d4.} (19... Qd7 20. b3 Kg7 21. d4 Nb4 $13) 20.
d4 {Undoubtly most principled continuation.} cxd4 21. cxd5 $5 (21. Nxd4 Nxd4
22. Qxd4 dxc4 23. Qe3 Qc8 (23... Qe8 $4 24. Nb5 $18) 24. Rbc1 Rd8 $15) 21...
dxc3 $1 (21... Nxd5 $6 {This was my first intention, when I played 19...d5.
But I had to reconsider it.} 22. Nxd4 (22. Nb5 $5) 22... Nxd4 23. Qxd4 Nxc3 24.
Qxc3 Qe8 (24... Qc8 25. Qe3 $16) 25. Qe3 $1 Qf7 (25... Bf5 26. Rbc1 Qxa4 27.
Rd4 $1 Qe8 28. Rc7 $44) 26. Rbc1 $14 {[%csl Rb6]}) 22. Qxc3 Bxd5 23. e4 Nb4 24.
exd5 Ncxd5 {Black obviously won't be able to hold his extra pawn, but after
giving it back there will be lots of pieces off the board, with a drawish
outcome.} 25. Qb3 e6 (25... Qd6 26. Nd4 Rfd8 27. Nb5 Qd7 28. Nc3 e6 29. Rd4 $11
{[%cal Gb1d1]}) 26. Nd4 Qd6 27. Nxe6 {This leads to draw, but White had little
choice.} (27. Nb5 Qe7) 27... Qxe6 28. Bxd5 (28. Rxd5 Rbd8 29. Rd3 Qxb3 30. Rxb3
Rd2 $11) 28... Nxd5 29. Rxd5 (29. Qxd5 Qxd5 30. Rxd5 Rfd8 31. Rbd1 Rxd5 32.
Rxd5 Kf7 33. Rd7+ Ke6 34. Rxh7 b5 $11) 29... Rbd8 30. Rbd1 Rxd5 31. Qxd5 Re8
32. b3 Qxd5 33. Rxd5 Kf7 (33... Kf7 34. Rd7+ Re7 35. Rd6 Re6 $11) 1/2-1/2

[Event "Redbus KO"]
[Site "Southend"]
[Date "2000.??.??"]
[Round "1.2"]
[White "Miles, Anthony John"]
[Black "Rowson, Jonathan"]
[Result "1-0"]
[WhiteElo "2579"]
[BlackElo "2499"]
[Annotator "Rowson,J"]
[PlyCount "121"]
[EventDate "2000.04.21"]
[EventType "k.o."]
[EventRounds "4"]
[EventCountry "ENG"]
[SourceTitle "CBM 076"]
[Source "ChessBase"]
[SourceDate "2000.05.31"]
[SourceVersion "1"]
[SourceVersionDate "2000.05.31"]
[SourceQuality "1"]

{[%mdl 4100]} 1. Nf3 Nf6 2. c4 g6 3. Nc3 d5 4. cxd5 Nxd5 5. Qa4+ Bd7 6. Qc2 Nb4
7. Qb3 c5 8. Ne4 Bf5 9. a3 $6 (9. d3 $1 $14) 9... Bxe4 10. axb4 Bg7 11. bxc5
O-O 12. d3 Bxf3 13. gxf3 Nd7 14. Be3 Rc8 15. d4 e5 16. dxe5 Nxc5 17. Qa3 Qd5
18. Bh3 Ne6 19. O-O Qxe5 20. Qb3 Rc7 $6 {Needing only a draw, I thought the
following ending would be easy to hold, but I should have been more resolute
here:} (20... Rce8 $1 $132) 21. Bxe6 Qxe6 22. Qxe6 fxe6 23. Rxa7 Rf5 $1 $14 24.
b3 Rb5 25. Rb1 Bf8 26. Ra4 Rc3 27. b4 Rc4 28. Ra8 Kf7 29. Rd1 Rd5 30. Rxd5 exd5
31. Rb8 $1 $16 Rc7 32. b5 Rd7 33. Bd4 Bg7 34. Bxg7 Kxg7 35. Kf1 Kf6 36. Ke1 Kg5
37. Kd2 Kh4 38. Kc3 Kh3 39. e4 $6 (39. Kd4 Kxh2 40. Rc8 Kg2 41. b6 {etc.})
39... dxe4 {The game has been entered wrongly; I actually played:} (39... d4+
$1 {and after:} 40. Kd3 Kxh2 41. f4 Kg2 42. Rf8 Kxf2 43. f5 gxf5 44. Rxf5+ Kg3
45. Rd5 Rf7 46. Kxd4 Kg4 {we transpose into the position given here on move
forty-six. Ironically, Miles had somehow "missed" 39...d4+! and was visibly
shocked when I played it!}) 40. fxe4 Kxh2 41. f4 Kg2 42. Rf8 Kf2 43. f5 gxf5
44. Rxf5+ Kg3 45. Rd5 Rf7 46. Kd4 Kg4 47. Rd8 h5 48. e5 Rh7 49. Ke4 h4 50. Rg8+
Kh5 51. e6 h3 52. Rg1 h2 53. Rh1 Kg6 54. Ke5 Rh3 55. Kd6 Rd3+ 56. Kc7 Rd2 57.
Re1 Re2 58. Rxe2 h1=Q 59. e7 Qc1+ 60. Kxb7 Qh1+ 61. Kb8 1-0

[Event "Sautron op 16th"]
[Site "Sautron"]
[Date "2016.10.29"]
[Round "9.2"]
[White "Malakhatko, Vadim"]
[Black "Stany, George Anthony"]
[Result "1/2-1/2"]
[WhiteElo "2514"]
[BlackElo "2471"]
[Annotator "Sagar Shah"]
[PlyCount "50"]
[EventDate "2016.10.22"]
[EventType "swiss"]
[EventRounds "9"]
[EventCountry "FRA"]
[SourceTitle "EXT 2019"]
[Source "ChessBase"]
[SourceDate "2018.10.10"]
[SourceVersion "1"]
[SourceVersionDate "2018.10.10"]
[SourceQuality "1"]
[TimeControl "40/5400+30:1800+30"]
[WhiteClock "0:03:53"]
[BlackClock "0:22:33"]

1. c4 {[%emt 0:00:00]} Nf6 {[%emt 0:00:00] With five wins and four draws,
Stany remained unbeaten and performed at an Elo of 2577, gaining 13 Elo points
and clinching the top spot} 2. Nc3 {[%emt 0:00:32]} d5 {[%emt 0:00:00]} 3. cxd5
{[%emt 0:00:08]} Nxd5 {[%emt 0:00:00]} 4. g3 {[%emt 0:00:25]} g6 {[%emt 0:00:
00]} 5. Bg2 {[%emt 0:00:06]} Nb6 {[%emt 0:00:00]} 6. d3 {[%emt 0:02:30]} Bg7 {
[%emt 0:00:00]} 7. Be3 {[%emt 0:00:08]} Nc6 {[%emt 0:00:04]} 8. Bxc6+ {[%emt 0:
00:28]} bxc6 {[%emt 0:00:03]} 9. Qc1 {[%emt 0:00:37]} h5 {[%emt 0:00:05]} (9...
h6 10. Nf3 Bh3 11. Nd2 O-O 12. Nde4 Kh7 13. f3 Nd5 14. Bc5 Be6 15. Bf2 Bh3 16.
Nd1 e5 17. Qxc6 f5 18. Nc5 Rf6 19. Qa4 Rb6 20. Rc1 Rb4 21. Qc2 Qd6 22. Nb3 Qa6
23. Bc5 e4 24. Bxb4 Nxb4 25. Qc4 Qb6 26. dxe4 fxe4 27. Qxe4 Rd8 28. Nf2 Bg2 29.
Rg1 Nxa2 30. Rxg2 Nxc1 31. Nxc1 Qxb2 32. Nfd3 Qc3+ 33. Kf2 c5 34. Rg1 Rd4 35.
Qe7 Rd5 36. Nf4 Re5 37. Qf7 g5 38. Nh5 Qe3+ 39. Kg2 {Malakhatko,V (2548)
-Petrosian,T (2612) Dubai 2010 1-0}) 10. Nf3 {[%emt 0:02:02]} Bg4 {[%emt 0:00:
13]} 11. Ng5 {[%emt 0:10:22]} Nd5 {[%emt 0:00:09]} 12. Bd2 {[%emt 0:14:42]} O-O
{[%emt 0:00:13]} 13. f3 {[%emt 0:01:13]} Bc8 $146 {[%emt 0:00:07]} (13... Bf5
14. Nge4 Bd4 15. a3 Rb8 16. e3 Bg7 17. Qc2 Be6 18. Nf2 Qc8 19. Ke2 Qa6 20. Rhb1
f5 21. Na4 Bf7 22. Nc5 Qc8 23. a4 e5 24. Ra3 f4 25. e4 Nb4 26. Bxb4 Rxb4 27. g4
Rd8 28. Rc3 Rd6 29. b3 Qd8 30. Rg1 Kh7 31. Na6 Rb6 32. Nc5 a5 33. Rg2 Bf8 34.
Rg1 Rd4 35. Rb1 Rdb4 36. h3 Qd4 37. Kf1 Bxc5 38. Rxc5 Bxb3 39. Qc1 Bxa4 40.
Rxb4 Rxb4 41. Rxa5 Bb5 42. Qa3 c5 43. Qa2 {Penzold,A (2324)-Murawski,G (2362)
Germany 2003 0-1}) 14. Nge4 {[%emt 0:00:28]} Bd4 {[%emt 0:01:02]} 15. Nd1 {
[%emt 0:10:46]} Qd7 {[%emt 0:11:01]} 16. Qc4 {[%emt 0:07:01]} Nb6 {[%emt 0:26:
30]} 17. Qc2 {[%emt 0:02:07]} Nd5 {[%emt 0:15:19]} 18. Qc4 {[%emt 0:02:38]} Nb6
{[%emt 0:00:08]} 19. Qc2 {[%emt 0:00:06]} Nd5 {[%emt 0:01:04]} 20. Rc1 {
[%emt 0:12:01]} Rb8 {[%emt 0:02:56]} 21. Qc4 {[%emt 0:09:49]} Bxb2 {[%emt 0:12:
42]} 22. Nxb2 {[%emt 0:02:20]} Rxb2 {[%emt 0:00:07]} 23. Bh6 {[%emt 0:05:32]}
Rd8 {[%emt 0:01:47]} 24. Nc5 {[%emt 0:04:49]} Qd6 {[%emt 0:04:36]} 25. e4 {
[%emt 0:07:47]} Nb4 {[%emt 0:01:51]} 1/2-1/2